MARC

LEADER 00000nam0a2200000 4500
001 196536
005 20231031183133.0
035 |a (RuTPU)RU\TPU\book\214407 
090 |a 196536 
100 |a 20110525d1934 m y0rusy50 ca 
101 0 |a rus 
102 |a RU 
105 |a a z 001zy 
200 1 |a Первибрированный бетон  |f И. А. Иродов 
210 |a Москва  |c НКПС ТРАНСЖЕЛДОРИЗДАТ  |d 1934 
215 |a 114 с.  |c ил. 
320 |a Библиогр. в примеч. 
610 1 |a бетон 
610 1 |a первибрация 
610 1 |a опыты 
610 1 |a свойства 
610 1 |a плотность 
610 1 |a применение 
610 1 |a экономика 
675 |a 691.327  |v 3 
700 1 |a Иродов  |b И. А. 
801 1 |a RU  |b 63413507  |c 20110525 
801 2 |a RU  |b 63413507  |c 20110829  |g RCR 
942 |c BK